| 000 | 00631nam a2200193Ia 4500 | ||
|---|---|---|---|
| 008 | 150610s9999 xx 000 0 und d | ||
| 020 | _a9780439871785 | ||
| 050 |
_aPZ7 _b.G6591De 2009 |
||
| 100 | _aGordon, Roderick | ||
| 245 |
_aDeeper / _cRoderick Gordon, Brian Williams. |
||
| 250 | _a1st American ed. | ||
| 260 |
_aNew York : _bChicken House /Scholastic, _c2009. |
||
| 300 |
_a643pages : _billustrations ; _c22 cm. |
||
| 520 | _aJuvenile fiction. | ||
| 650 |
_a Missing persons _xFiction. |
||
| 650 |
_aAdventure and adventurers _bFiction. |
||
| 650 |
_aArchaeologists _bFiction. |
||
| 650 |
_aUnderground areas _xFiction. |
||
| 999 |
_c288076 _d288076 |
||